| 000 | 00989nas a2200325 4500 | ||
|---|---|---|---|
| 001 | BR0104727 | ||
| 003 | BR-BrBNA | ||
| 005 | 20231205102436.0 | ||
| 007 | ta | ||
| 008 | 230509b bl.|||p| |||| 00| 00por d | ||
| 040 |
_aBR-BrBNA _bpor _cBiblioteca Nacional de Agricultura |
||
| 041 | _a(Pt) | ||
| 072 | _aL10 | ||
| 100 | 1 | _aCosta, A.R.C. da | |
| 100 | 1 | _aLopes, P.S. | |
| 100 | 1 | _aTorres, R. de A. | |
| 100 | 1 | _aRegazzi, A.J. | |
| 100 | 1 | _aSilva, M. de A. e | |
| 100 | 1 | _aEuclydes, R.F. | |
| 100 | 1 | _aPires, A.V. | |
| 245 | 1 | _aEstimacao de parametros geneticos em caracteristicas de desempenho de suinos das racas Large White, Landrace e Duroc | |
| 650 | _aSUÍNO | ||
| 650 | _aParametro Genetico | ||
| 650 | _aPerformance | ||
| 650 | _aVariedade | ||
| 650 | _aSanta Catarina | ||
| 773 | 0 |
_tRevista Brasileira de Zootecnia (Brazil) _xISSN 1516-3598 _g(Jan-Feb 2001), v. 30(1) p. 49-55 _wBR0104727 |
|
| 909 |
_a202311 _bLúcia _c55 _dLúcia Elande |
||
| 942 |
_2AGRIS _n0 _cANA |
||
| 999 |
_c167604 _d167604 |
||